LEADER 00853nam 2200277 450 001 996717602003316 005 20260415180902.0 100 $a20260415d1990----km y0itay5003 ba 101 0 $aspa 102 $aEC 105 $ay 00 y 200 1 $a<> conversion de los Indios de la Nueva Espana$econ el texto de los Coloquios de los Doce de Bernardino de Sahagun, 1564$fChristian Duverger 210 $aEcuador$cAbya-Yala$d1990 215 $a272 p.$d22 cm 225 2 $a500 anos$v18 410 0$12001$a500 anos$v18 606 0 $aIndiani d'America$2BNCF 676 $a970.1 700 1$aDUVERGER,$bChristian$0206190 801 0$aIT$bcba$gREICAT 912 $a996717602003316 951 $aVI.7.B. 3603$bISLA$cVI.7.$d478205 959 $aBK 969 $aISLA 996 $aConversion de los Indios de la Nueva Espana$94561350 997 $aUNISA